MARC

LEADER 00000nas a2200000 a 4500
001 ssj0000602
003 WaSeSS
005 20200512172242.0
006 m d
007 cr n
008 830719d19832006dcumr pss 0 0eng c
010 |a  2008263030 
016 7 |a 2068611-0  |2 DE-600 
022 |y 0746-0554 
032 |a 009880  |b USPS 
035 |a (WaSeSS)ssj0000602 
040 |a CUD  |b eng  |c CUD  |d TXA  |d OCLCQ  |d OCLCE  |d DEBBG  |d OCLCQ  |d OCLCF  |d OCLCO  |d OCLCQ  |d INARC  |d VT2  |d WaSeSS 
041 0 |a eng  |b fre  |b spa 
042 |a pcc 
043 |a n-us--- 
050 1 4 |a NA1  |b .A326 
082 0 |a 720/.973  |2 19 
130 0 |a Architecture (Washington, D.C. : Online) 
245 1 0 |a Architecture  |h [electronic resource] :  |b the AIA journal. 
260 |a [Washington, D.C.] :  |b [American Institute of Architects],  |c [1983-2006] 
310 |a Monthly 
362 1 |a Began with: Vol. 72, no. 7 (July 1983); ceased with: vol. 95, no. 10 (Oct. 2006). 
500 |a Imprint varies: New York, NY : Billboard Publications, Inc., <May 1989->; New York, NY : BPI Communications, Inc., <Jan. 1997->; New York, NY : VNU Business Publications USA, Inc., <Feb. 2002-> 
506 |a License restrictions may limit access. 
546 |a Summaries in French and Spanish, 1985-<1989>. 
550 |a Official magazine of: the American Institute of Architects, -1996. 
588 |a Description based on: Vol. 86, issue 7 (July 1997); title from issue table of contents (EbscoHost, viewed Jan. 4, 2008). 
588 |a Latest issue consulted (EbscoHost, viewed Jan. 4, 2008). 
650 0 |a Architecture  |z United States  |v Periodicals. 
650 0 |a Architecture  |v Periodicals. 
650 6 |a Architecture  |z États-Unis  |v Périodiques. 
650 6 |a Architecture  |v Périodiques. 
650 7 |a Architecture.  |2 fast  |0 (OCoLC)fst00813346 
650 1 7 |a Bouwkunst.  |2 gtt 
651 7 |a United States.  |2 fast  |0 (OCoLC)fst01204155 
655 0 |a Electronic journals. 
710 2 |a American Institute of Architects. 
776 0 8 |i Print version:  |t Architecture (Washington, D.C.)  |x 0746-0554  |w (DLC) 84642119  |w (OCoLC)9715411 
780 0 0 |a American Institute of Architects.  |t AIA journal 
780 0 5 |t Architectural technology 
780 0 5 |t Progressive architecture 
785 0 0 |t Architect (Washington, D.C. : Online)  |w (DLC) 2008263029  |w (OCoLC)123911100 
856 4 0 |z Full text available from Research Library: 01/01/1992 to 10/31/2006  |u https://search.proquest.com/publication/38698